• 首页
  • 本馆介绍
  • 公告通知
  • 最新文献
  • 馆藏检索
  • 电子资源
  • 读者导购
  • 参考咨询
  • 我的图书馆
  • 登录
  • 详细信息显示
  • 放入我的书架
  • 预约/预借图书
  • 作者相关作品
  • 分类相关作品
  • 丛书相关作品
  • 出版社相关作品

书目信息

  • 表格格式
  • 工作单格式
  • 卡片格式
题名:
苏州名菜百例
    
 
作者: 高乃智 , 高乃智 编著
分册:  
出版信息: 北京   中国旅游出版社  2001
页数: 89页
开本: 19cm
丛书名: 美食丛书
单 册:
中图分类: TS972.182.533
科图分类:
主题词: 菜谱--苏州市
电子资源:
ISBN: 7-5032-1776-6
000 01131nam0 2200337 450
000 01096nam0 2200325 450
000 01059nam0 2200313 450
000 00969nam0 2200301 450
000 00932nam0 2200289 450
000 00865oam2 2200265 450
001 0104000022
005 20061025102228.40
010    @a7-5032-1776-6@dCNY14.80
100    @a20050927d2001 ekmy0chiy0110 ea
101 0  @achi
102    @aCN@b110000
105    @aa z 000yy
200 1  @a苏州名菜百例@Asu zhou ming cai bai li@f高乃智编著@Fgao nai zhi bian zhu
210    @a北京@c中国旅游出版社@d2001
215    @a89页@c照片@d19cm
225 2  @a美食丛书
330    @a本书汇集了我国苏州风味的精典菜肴百余例。详细地介绍了选料、配料、制法,并将每味菜肴的彩色图片对号相配,供读者参照操作,可谓图文并茂。
461  0 @12001 @a美食丛书
606 0  @a菜谱@y苏州市
690    @aTS972.182.533@v4
701  0 @a高乃智@9gao nai zhi@4编著
701  0 @a高乃智@Agao nai zhi@4编著
801    @aCN@b北京荣雅伟业图书经销中心@c20061025
905    @aBZT@dTS972.182.533@e1
906    @dCNY14.80@n0@r1
    
    苏州名菜百例/高乃智编著.-北京:中国旅游出版社,2001
    89页:照片;19cm.-(美食丛书)
    
    
    ISBN 7-5032-1776-6:CNY14.80
    本书汇集了我国苏州风味的精典菜肴百余例。详细地介绍了选料、配料、制法,并将每味菜肴的彩色图片对号相配,供读者参照操作,可谓图文并茂。
●
相关链接 在五车中查询图书 在当当中查询图书 在豆瓣中查询图书


正题名:苏州名菜百例     索取号:TS972.182.533/1         预约/预借

序号 登录号 条形码 馆藏地/架位号 状态 备注
1 509961   230093246   中心书库中库/ 中库024架A面6列1层80/ [索取号:TS972.182.533/1] 在馆    
2 509962   230093248   中心书库中库/ 中库024架A面3列7层12/ [索取号:TS972.182.533/1] 在馆    
3 509963   230093245   中心书库中库/ 中库024架A面1列5层20/ [索取号:TS972.182.533/1] 在馆    
4 509964   230093247   中心书库中库/ 中库024架A面6列1层81/ [索取号:TS972.182.533/1] 在馆    
5 509965   230093249   中心书库中库/ 中库024架A面6列1层82/ [索取号:TS972.182.533/1] 在馆    
山东省滨州职业学院图书馆 欢迎您!
大连网信软件有限公司© 版权所有